| 000 | 00552cam a2200193ua 4500 | ||
|---|---|---|---|
| 001 | 2661 | ||
| 008 | 110908n ii |||gr||||Z||||||asm | ||
| 040 | _cMAIN | ||
| 082 | _a891.4512 | ||
| 100 | _aGogoi, Lila, | ||
| 245 | 1 | 1 |
_aMahapurush shrishrisankerdevar kalidamaan ba kaliadamaan naat _cby Lila Gogoi |
| 250 | _a1st. | ||
| 260 |
_aDibrugarh: _bjanata puthighar,972. |
||
| 300 |
_a52p: _c23cm. |
||
| 653 | _aAssamese drama | ||
| 653 | _aassamese literature | ||
| 653 | _aMahapurush shrishrisankerdevar kalidamaan ba kaliadamaan naat | ||
| 942 | _cBK | ||
| 999 |
_c2512 _d2512 |
||